Auditing & assurance services : a systematic approach / (Record no. 8653)
[ view plain ]
| 000 -LEADER | |
|---|---|
| fixed length control field | 01314cac a22002771u 4500 |
| 090 ## - LOCALLY ASSIGNED LC-TYPE CALL NUMBER (OCLC); LOCAL CALL NUMBER (OCLC) | |
| -- | 8653 |
| 008 - FIXED-LENGTH DATA ELEMENTS--GENERAL INFORMATION | |
| fixed length control field | 081126t 2006xxu||||| |||| 00| 0 eng d |
| 010 ## - LIBRARY OF CONGRESS CONTROL NUMBER | |
| LC control number | 2004056944 |
| 020 ## - INTERNATIONAL STANDARD BOOK NUMBER | |
| International Standard Book Number | 0072946237 (alk. paper) |
| 082 00 - DEWEY DECIMAL CLASSIFICATION NUMBER | |
| Classification number | 657.45 |
| Item number | MES |
| 100 ## - MAIN ENTRY--PERSONAL NAME | |
| Personal name | Messier, William F. |
| 245 10 - TITLE STATEMENT | |
| Title | Auditing & assurance services : a systematic approach / |
| Remainder of title | a systematic approach / |
| Statement of responsibility, etc | William F. Messier, Jr., Steven M. Glover, Douglas F. Prawitt. |
| 246 3# - VARYING FORM OF TITLE | |
| Title proper/short title | Auditing and assurance services |
| 250 ## - EDITION STATEMENT | |
| Edition statement | 4th ed. |
| 260 ## - PUBLICATION, DISTRIBUTION, ETC. (IMPRINT) | |
| Place of publication, distribution, etc | Boston : |
| Name of publisher, distributor, etc | McGraw-Hill/Irwin, |
| Date of publication, distribution, etc | 2006. |
| 260 ## - PUBLICATION, DISTRIBUTION, ETC. (IMPRINT) | |
| Name of publisher, distributor, etc | Distributer: Bacca |
| 300 ## - PHYSICAL DESCRIPTION | |
| Extent | xxxviii, 888 p. : |
| Other physical details | ill. ; |
| Dimensions | 27 cm. + |
| Accompanying material | 1 CD-ROM (4 3/4 in.) |
| 504 ## - BIBLIOGRAPHY, ETC. NOTE | |
| Bibliography, etc | Includes bibliographical references and index. |
| 538 ## - SYSTEM DETAILS NOTE | |
| System details note | System requirements for accompanying CD-ROM: PC with Pentium class processor (or higher); Windows 98/ME or Windows NT (SP2), XP. |
| 650 #0 - SUBJECT ADDED ENTRY--TOPICAL TERM | |
| Topical term or geographic name as entry element | Auditing. |
| 700 1# - ADDED ENTRY--PERSONAL NAME | |
| Personal name | Glover, Steven M., |
| Dates associated with a name | 1963- |
| 700 1# - ADDED ENTRY--PERSONAL NAME | |
| Personal name | Prawitt, Douglas F. |
| 942 ## - ADDED ENTRY ELEMENTS (KOHA) | |
| Item type | Book - Borrowing |
| Call number prefix | 657.45MES |
| Source of classification or shelving scheme | Dewey Decimal Classification |
| Withdrawn status | Item status | Source of classification or shelving scheme | Damaged status | Not for loan | Home library | Current library | Shelving location | Date acquired | Source of acquisition | Total Checkouts | Full call number | Barcode | Date last seen | Date last borrowed | Koha item type | Vendor |
|---|---|---|---|---|---|---|---|---|---|---|---|---|---|---|---|---|
| Dewey Decimal Classification | Central Library | Central Library | First floor | 08/03/2017 | Purchase | 4 | 657.45 MES | 000010577 | 15/07/2025 | 20/09/2012 | Book - Borrowing | |||||
| Dewey Decimal Classification | Central Library | Central Library | First floor | 06/07/2011 | 657.45 MES | 000010578 | 24/08/2022 | CD | DVD - With book |